| 000 | 00918nam a2200217Ia 4500 | ||
|---|---|---|---|
| 999 |
_c8703 _d8703 |
||
| 005 | 20250409152806.0 | ||
| 008 | 230725s9999 xx 000 0 und d | ||
| 020 | _a958-41-0202-8 | ||
| 040 |
_aUPAN _cBiblioteca San Vicente _eRCAA2 |
||
| 041 | _aspa | ||
| 082 |
_a515.15 _bH644c _c2001 |
||
| 100 |
_aHoffman, Lawrence D. _4aut. |
||
| 245 | 0 |
_aCálculo: _bPara Administración, economía y ciencias sociales/ _cLaurence D. Hoffman, Gerald L. Bradley; Yelka María García |
|
| 250 | _a7º ed. | ||
| 260 |
_aColombia: _bMcGraw Hill, _c2001 |
||
| 300 |
_a808 p.; _c27 cm. |
||
| 505 | _a1. Funciones, graficas y limites 2. Derivación: conceptos básicos 3. Aplicaciones adicionales de la derivada 4. Funciones exponenciales y logarítmicas 5. Integración 6. Temas adicionales de integración 7. Calculo de varias variables | ||
| 650 |
_2LEMB _xCálculo |
||
| 700 | _4Bradley, Gerald L. | ||
| 942 |
_cBK _2ddc |
||